000 00422nam a2200181Ia 4500
001 1114
005 20260306140608.0
008 260306t1988||||xx |||||||||||||| ||spa||
041 _aESP
082 _a182.4
_bV53
100 _aVerneaux, Roger
_eAUT
245 0 _aTextos de los grandes filósofos
260 _c1988
300 _a129 páginas :
_c21 cm.
650 _aGEN
654 _aCHU
942 _cLIB
_dJUS
_fJUS
_2ddc
_n
999 _c1114
_d1114